[Event "ECF National club Under 2000"]
[Site "Kingston-upon-Hull, ENG"]
[Date "2023.10.20"]
[Round "1.201"]
[White "Cooper, John G"]
[Black "Kendall, Paul SN"]
[Result "1/2-1/2"]
[WhiteElo "2170"]
[BlackElo "1925"]
[PlyCount "74"]
[EventDate "2023.10.20"]
[WhiteTeam "Hull Chess Club 2"]
[BlackTeam "Beverley Patzers"]

1. c4 c5 2. Nc3 Nc6 3. g3 g6 4. Bg2 Bg7 5. d3 e5 6. e3 Nge7 7. Nge2 O-O 8. a3
d6 9. Rb1 a5 10. O-O Be6 11. Nd5 f5 12. Bd2 g5 13. Bc3 Ng6 14. Qe1 Nce7 15. f4
Nxd5 16. cxd5 Bd7 17. Qd2 b6 18. b4 axb4 19. axb4 Qe7 20. bxc5 bxc5 21. Rb7
Rfb8 22. Rfb1 Rxb7 23. Rxb7 gxf4 24. gxf4 Nh4 25. Qe1 Nxg2 26. Kxg2 Qf7 27. Kg1
exf4 28. Nxf4 Be5 29. Bxe5 dxe5 30. Nh5 Kh8 31. Qh4 Qg6+ 32. Qg3 Qxh5 33. Qxe5+
Kg8 34. Qg3+ Kh8 35. Qe5+ Kg8 36. Rxd7 Qd1+ 37. Kf2 Ra2+ 1/2-1/2

[Event "ECF National club Under 2000"]
[Site "Kingston-upon-Hull, ENG"]
[Date "2023.10.20"]
[Round "1.204"]
[White "Hackett, Michael C"]
[Black "Usifoh, Kristian C"]
[Result "0-1"]
[WhiteElo "1639"]
[BlackElo "1927"]
[PlyCount "68"]
[EventDate "2023.10.20"]
[WhiteTeam "Beverley Patzers"]
[BlackTeam "Hull Chess Club 2"]

1. e4 c6 2. d4 d5 3. e5 Bf5 4. Nc3 e6 5. g4 Bg6 6. h4 h5 7. Nge2 hxg4 8. Nf4
Bf5 9. h5 c5 10. Be3 a6 11. dxc5 Nd7 12. Nd3 Qc7 13. Be2 Nxe5 14. Nxe5 Qxe5 15.
Bd4 Qf4 16. Bd3 Nf6 17. Ne2 Qf3 18. Ng3 Qxd1+ 19. Rxd1 Bxd3 20. Rxd3 Nd7 21.
Rb3 e5 22. Rxb7 exd4 23. c6 Nc5 24. Rb6 a5 25. Nf5 Ne6 26. Kd2 g6 27. Nxd4 Nxd4
28. Re1+ Ne6 29. hxg6 Bh6+ 30. Kd3 O-O 31. gxf7+ Kxf7 32. Rb7+ Kf6 33. Rb6 Rfb8
34. Rxe6+ Kxe6 0-1

[Event "ECF National club Under 2000"]
[Site "Kingston-upon-Hull, ENG"]
[Date "2023.10.20"]
[Round "1.203"]
[White "Hackett, Thomas L"]
[Black "Bawden, Phil"]
[Result "1/2-1/2"]
[WhiteElo "1777"]
[BlackElo "1785"]
[PlyCount "60"]
[EventDate "2023.10.20"]
[WhiteTeam "Beverley Patzers"]
[BlackTeam "East Hull Tigers"]

1. e4 g6 2. d4 Bg7 3. f4 e6 4. Nf3 d6 5. Bd3 Ne7 6. O-O a6 7. Be3 f5 8. Nbd2
Nd7 9. c3 h6 10. Qe1 O-O 11. Qg3 Nf6 12. h3 Qe8 13. Rae1 Qf7 14. e5 Nh7 15.
exd6 cxd6 16. Nc4 Rd8 17. Nb6 Rb8 18. Bc1 Nf6 19. Bc4 Ne4 20. Qh4 d5 21. Bd3 g5
22. fxg5 Ng6 23. Rxe4 Nxh4 24. Rxh4 hxg5 25. Nxg5 Qc7 26. Na4 Qg3 27. Nf3 b6
28. Bf4 Qg6 29. Bxb8 Bd7 30. Nxb6 Rxb8 1/2-1/2

[Event "ECF National club Under 2000"]
[Site "Kingston-upon-Hull, ENG"]
[Date "2023.10.20"]
[Round "1.206"]
[White "Crook, Phil H"]
[Black "Oliver, Bruce R"]
[Result "1/2-1/2"]
[WhiteElo "1562"]
[BlackElo "1629"]
[PlyCount "42"]
[EventDate "2023.10.20"]
[WhiteTeam "East Hull Tigers"]
[BlackTeam "Beverley Patzers"]

1. e4 b6 2. d4 Bb7 3. Nc3 e6 4. Nf3 d6 5. Be2 Nd7 6. O-O g6 7. b3 Bg7 8. Bb2
Ne7 9. Qd2 a6 10. a4 h6 11. Rad1 g5 12. h3 O-O 13. Nh2 Ng6 14. g3 f5 15. exf5
exf5 16. Bc4+ Kh7 17. Ne2 Nf6 18. f3 Qd7 19. Bd3 Rae8 20. Rde1 Nd5 21. Nc1 c5
1/2-1/2

[Event "ECF National club Under 2000"]
[Site "Kingston-upon-Hull, ENG"]
[Date "2023.10.20"]
[Round "1.202"]
[White "Matthews, Chris J"]
[Black "Walker, Jack"]
[Result "1-0"]
[WhiteElo "1795"]
[BlackElo "1934"]
[PlyCount "71"]
[EventDate "2023.10.20"]
[WhiteTeam "East Hull Tigers"]
[BlackTeam "Hull Chess Club 2"]

1. d4 Nf6 2. Bf4 e6 3. Nf3 c5 4. e3 d5 5. Bb5+ Nc6 6. Ne5 Bd7 7. Nxd7 Qxd7 8.
c3 a6 9. Qa4 Rc8 10. Bxc6 Rxc6 11. dxc5 Bxc5 12. Nd2 O-O 13. h4 h6 14. Rh3 Bd6
15. Bxd6 Qxd6 16. g4 b5 17. Qd1 g6 18. g5 Ne4 19. gxh6 Nxd2 20. Kxd2 b4 21. h5
bxc3+ 22. bxc3 e5 23. Rc1 d4 24. Ke2 Qe6 25. Rg3 Qc4+ 26. Ke1 dxc3 27. Qc2 e4
28. Rd1 Rb8 29. hxg6 fxg6 30. Rd7 Rcb6 31. Qd1 Rb1 32. h7+ Kh8 33. Rd8+ Rxd8
34. Qxb1 c2 35. Qb2+ Qd4 36. exd4 1-0

[Event "ECF National club Under 2000"]
[Site "Kingston-upon-Hull, ENG"]
[Date "2023.10.20"]
[Round "1.205"]
[White "Li, Xiaofan (David)"]
[Black "Flanagan, Ian"]
[Result "1-0"]
[WhiteElo "1791"]
[BlackElo "1624"]
[PlyCount "57"]
[EventDate "2023.10.20"]
[WhiteTeam "Hull Chess Club 2"]
[BlackTeam "East Hull Tigers"]

1. e4 c5 2. Nf3 d6 3. d4 cxd4 4. Nxd4 Nf6 5. Nc3 g6 6. Be2 Bg7 7. Be3 O-O 8.
Qd2 a6 9. f3 Bd7 10. g4 e5 11. Nb3 Bc6 12. O-O-O Ne8 13. h4 f6 14. Bc4+ Kh8 15.
h5 g5 16. h6 Qe7 17. hxg7+ Qxg7 18. Be6 Bd7 19. Bxd7 Nxd7 20. Rh3 Rf7 21. Ne2
Nf8 22. Ng3 Ng6 23. Nf5 Qf8 24. Rdh1 Nh4 25. Nxh4 gxh4 26. Rxh4 Rd8 27. g5 Rg7
28. g6 Rdd7 29. Bh6 1-0

[Event "ECF National club Under 2000"]
[Site "Kingston-upon-Hull, ENG"]
[Date "2023.10.21"]
[Round "2.11"]
[White "Coates, David H"]
[Black "Lambourne, Daniel M"]
[Result "1/2-1/2"]
[WhiteElo "2048"]
[BlackElo "2067"]
[PlyCount "92"]
[EventDate "2023.10.21"]
[WhiteTeam "Ashfield"]
[BlackTeam "Redditch Chess Club"]

1. d4 d5 2. c4 e6 3. Nc3 Nf6 4. cxd5 exd5 5. Bg5 Be7 6. e3 c6 7. Bd3 Be6 8. Qc2
h6 9. Bh4 Nbd7 10. Nge2 Nh5 11. Bxe7 Qxe7 12. O-O O-O 13. Rae1 Rae8 14. f3 f5
15. Nc1 Qd6 16. Nb3 b6 17. Rc1 Nb8 18. Qd2 Nf6 19. Ne2 Nh5 20. Nc3 Rd8 21. Bb1
Nf6 22. Ne2 g5 23. Ng3 Qd7 24. Qd3 Ne8 25. e4 Ng7 26. e5 Qf7 27. f4 g4 28. Ne2
Qe7 29. Qe3 Kf7 30. a3 h5 31. Nc3 Rc8 32. Na4 Qd7 33. Nc3 Rh8 34. Bd3 Rc7 35.
Rc2 Rhc8 36. Rfc1 a6 37. Na4 Rb7 38. Qe2 Qe7 39. Nc3 Ra7 40. Na4 Qd8 41. Qe1 a5
42. Qe3 Rb7 43. Qe2 Re7 44. Qe1 Rb7 45. Qe2 Ra7 46. Qe1 Rb7 1/2-1/2

[Event "ECF National club Under 2000"]
[Site "Kingston-upon-Hull, ENG"]
[Date "2023.10.21"]
[Round "2.12"]
[White "Evans, Harry G"]
[Black "Graham, Neil"]
[Result "1/2-1/2"]
[WhiteElo "1947"]
[BlackElo "1809"]
[PlyCount "66"]
[EventDate "2023.10.21"]
[WhiteTeam "Redditch Chess Club"]
[BlackTeam "Ashfield"]

1. d4 d5 2. Nf3 Bf5 3. e3 e6 4. Bd3 Bg6 5. O-O Bd6 6. c4 Bxd3 7. Qxd3 dxc4 8.
Qxc4 c6 9. e4 Nd7 10. e5 Nb6 11. Qb3 Be7 12. Nc3 Rb8 13. Be3 Nd5 14. Ne4 Nxe3
15. Qxe3 Nh6 16. Rfd1 O-O 17. Rd3 Kh8 18. Rad1 Ng8 19. Neg5 Bxg5 20. Nxg5 h6
21. Ne4 Ne7 22. Qd2 Nd5 23. Rh3 Kg8 24. f4 f5 25. Nd6 Qc7 26. Rc1 a6 27. b4 Ne7
28. a4 Nc8 29. Nc4 Nb6 30. a5 Nxc4 31. Rxc4 Qd7 32. Rhc3 Rbd8 33. Qe3 Qd5
1/2-1/2

[Event "ECF National club Under 2000"]
[Site "Kingston-upon-Hull, ENG"]
[Date "2023.10.21"]
[Round "2.13"]
[White "Taylor, Robert P"]
[Black "Smith, David"]
[Result "1/2-1/2"]
[WhiteElo "1753"]
[BlackElo "1797"]
[PlyCount "47"]
[EventDate "2023.10.21"]
[WhiteTeam "Ashfield"]
[BlackTeam "Redditch Chess Club"]

1. d4 d5 2. Nf3 e6 3. Bg5 Be7 4. Bxe7 Qxe7 5. e3 f5 6. Nbd2 Nf6 7. c4 c6 8. Be2
O-O 9. O-O Nbd7 10. Qc2 Ne4 11. c5 e5 12. b4 Nxd2 13. Qxd2 e4 14. Ne1 f4 15.
exf4 Qh4 16. g3 Qh6 17. Ng2 Nf6 18. Ne3 Qg6 19. Qd1 Bh3 20. Re1 h5 21. Bf1 Bg4
22. Be2 Bh3 23. Bf1 Bg4 24. Be2 1/2-1/2

[Event "ECF National club Under 2000"]
[Site "Kingston-upon-Hull, ENG"]
[Date "2023.10.21"]
[Round "2.14"]
[White "Stanton, T Giles"]
[Black "Willoughby, Robert H"]
[Result "1-0"]
[WhiteElo "1541"]
[BlackElo "1638"]
[PlyCount "113"]
[EventDate "2023.10.21"]
[WhiteTeam "Redditch Chess Club"]
[BlackTeam "Ashfield"]

1. e4 c5 2. Nf3 d6 3. d4 cxd4 4. Nxd4 Nf6 5. Nc3 g6 6. f3 Bg7 7. Be3 O-O 8. Qd2
Nc6 9. O-O-O d5 10. Nxc6 bxc6 11. e5 Nd7 12. f4 Qa5 13. Kb1 Nb6 14. Ne4 Qxd2
15. Nxd2 Bd7 16. Be2 Rfb8 17. Nb3 a5 18. Nc5 Bc8 19. h3 a4 20. a3 e6 21. Bd4
Bf8 22. Ka1 Nd7 23. Nd3 c5 24. Bc3 d4 25. Bd2 Nb6 26. Bc1 Ra7 27. Rhg1 Nd5 28.
Nf2 Rc7 29. g4 Bb7 30. f5 c4 31. Ne4 c3 32. fxe6 cxb2+ 33. Bxb2 Nc3 34. exf7+
Kg7 35. Nxc3 dxc3 36. Bc1 Kxf7 37. Bd3 Bc6 38. Rgf1+ Kg7 39. Bc4 Rcb7 40. Bg5
h6 41. Bf6+ Kh7 42. e6 Bxa3 43. g5 Rb2 44. Bxc3 Rxc2 45. Rf7+ Kg8 46. Rg7+ Kh8
47. Rb7+ Rxc3 48. Rxb8+ Kg7 49. Rd7+ Bxd7 50. exd7 Be7 51. Be6 Re3 52. Bg4 h5
53. Re8 Rd3 54. Rxe7+ Kf8 55. Re8+ Kf7 56. Be6+ Kg7 57. d8=Q 1-0

[Event "ECF National club Under 2000"]
[Site "Kingston-upon-Hull, ENG"]
[Date "2023.10.21"]
[Round "2.203"]
[White "Usifoh, Kristian C"]
[Black "Turner, Tim M"]
[Result "1/2-1/2"]
[WhiteElo "1927"]
[BlackElo "1913"]
[PlyCount "98"]
[EventDate "2023.10.21"]
[WhiteTeam "Hull Chess Club 2"]
[BlackTeam "Beverley Patzers"]

1. c4 Nf6 2. g3 e5 3. Bg2 Nc6 4. Nc3 Bb4 5. a3 Bxc3 6. dxc3 d6 7. Bg5 O-O 8.
Qc2 Be6 9. c5 h6 10. h4 Qd7 11. Bxf6 gxf6 12. Rd1 Kg7 13. cxd6 cxd6 14. Nf3 Na5
15. Nd2 Rac8 16. Qd3 Rfd8 17. Bd5 b5 18. O-O Nc4 19. Rb1 Rc5 20. Bg2 d5 21. b4
Rc7 22. Ra1 Bf5 23. e4 Nxd2 24. Qxd2 dxe4 25. Qxd7 Rdxd7 26. Rfe1 Rxc3 27. Bxe4
Bxe4 28. Rxe4 Rd5 29. a4 f5 30. Re2 a6 31. axb5 axb5 32. Ra7 Rc4 33. Rb2 Rdd4
34. Rba2 f4 35. Re7 fxg3 36. fxg3 Kf6 37. Rb7 Rxb4 38. Rf2+ Ke6 39. Rfxf7 Rb2
40. Rf2 Rxf2 41. Kxf2 b4 42. Rb6+ Kf5 43. Rxh6 b3 44. Rb6 Rd3 45. h5 Kg5 46. h6
Rd7 47. Rxb3 Kxh6 48. Rb5 Re7 49. Kf3 Kg5 1/2-1/2

[Event "ECF National club Under 2000"]
[Site "Kingston-upon-Hull, ENG"]
[Date "2023.10.21"]
[Round "2.206"]
[White "Hackett, Michael C"]
[Black "Pitel, Benedikt"]
[Result "1-0"]
[WhiteElo "1639"]
[BlackElo "1761"]
[PlyCount "101"]
[EventDate "2023.10.21"]
[WhiteTeam "Beverley Patzers"]
[BlackTeam "Hull Chess Club 2"]

1. e4 c6 2. d4 d5 3. e5 c5 4. dxc5 Nc6 5. Nf3 Bg4 6. Bf4 e6 7. Nc3 Bxc5 8. Bb5
Nge7 9. O-O O-O 10. Be2 Ng6 11. Bg5 Qc7 12. Na4 Be7 13. Bxe7 Qxe7 14. Re1 Bxf3
15. Bxf3 Ngxe5 16. Nc3 Nxf3+ 17. Qxf3 Qc5 18. a3 d4 19. Ne4 Qxc2 20. Re2 Qa4
21. b3 Qb5 22. Nd6 Qb6 23. Qg3 Rad8 24. Ne4 Ne7 25. Nf6+ Kh8 26. Nh5 Nf5 27.
Qh3 Qd6 28. Qd3 Rc8 29. Rd1 Ne7 30. Re3 Ng6 31. Ng3 e5 32. b4 Qc6 33. Re4 Qc4
34. Qf3 f6 35. Nf5 Rfd8 36. h4 Qf7 37. Rg4 Rc3 38. Qe4 Rg8 39. h5 Nf4 40. h6 g6
41. Nh4 Qe7 42. Rxf4 f5 43. Qe1 Qf6 44. Rf3 e4 45. Rxc3 dxc3 46. g3 Rc8 47. Rc1
Qd4 48. Ng2 Qc4 49. Qd1 Kg8 50. Qd7 Rc7 51. Qe8# 1-0

[Event "ECF National club Under 2000"]
[Site "Kingston-upon-Hull, ENG"]
[Date "2023.10.21"]
[Round "2.201"]
[White "Kendall, Paul SN"]
[Black "Bawden, Phil"]
[Result "1-0"]
[WhiteElo "1925"]
[BlackElo "1785"]
[PlyCount "87"]
[EventDate "2023.10.21"]
[WhiteTeam "Beverley Patzers"]
[BlackTeam "East Hull Tigers"]

1. e4 b6 2. d4 Bb7 3. Nc3 e6 4. Nf3 d6 5. Bd3 Ne7 6. O-O h6 7. Bf4 g6 8. h4 Bg7
9. Qd2 Nd7 10. Rfe1 a6 11. Rad1 b5 12. Ne2 Qc8 13. c3 Nc6 14. Qc2 e5 15. Bd2
Nf6 16. Ng3 Ng4 17. d5 Ne7 18. c4 O-O 19. c5 Qd8 20. Ba5 Bc8 21. cxd6 Qxd6 22.
Bxc7 Qd7 23. Rc1 Bb7 24. Qb3 Rac8 25. Ba5 Rxc1 26. Rxc1 Rc8 27. Re1 Kh7 28. h5
gxh5 29. Nxh5 Bh8 30. Bb4 Rg8 31. Ng3 Nxf2 32. Bxe7 Nxd3 33. Qxd3 Rxg3 34. Ng5+
Rxg5 35. Bxg5 hxg5 36. Rf1 Bc8 37. Qc3 Qa7+ 38. Kh1 Bg4 39. d6 Be2 40. Qh3+ Kg8
41. d7 Qb6 42. Qf5 f6 43. Qg6+ Bg7 44. Qe8+ 1-0

[Event "ECF National club Under 2000"]
[Site "Kingston-upon-Hull, ENG"]
[Date "2023.10.21"]
[Round "2.204"]
[White "Booth, Andy"]
[Black "Sheppard, Derek A"]
[Result "0-1"]
[WhiteElo "1629"]
[BlackElo "1715"]
[PlyCount "70"]
[EventDate "2023.10.21"]
[WhiteTeam "East Hull Tigers"]
[BlackTeam "Beverley Patzers"]

1. d4 d6 2. e4 Nf6 3. Nc3 e5 4. d5 c6 5. Bg5 Be7 6. Bxf6 Bxf6 7. h3 g6 8. Bd3
Bg7 9. Nge2 Nd7 10. O-O c5 11. b3 O-O 12. a4 b6 13. Qd2 a6 14. Qd1 Nf6 15. f4
exf4 16. Nxf4 Nd7 17. Nfe2 Ne5 18. Rb1 Qg5 19. Kh1 Qh4 20. Qe1 Qg5 21. Ng1 Nxd3
22. cxd3 Qe5 23. Nce2 Qe7 24. Nf3 f5 25. exf5 Bxf5 26. Rd1 Rae8 27. Ng3 Qb7 28.
Qd2 Qxd5 29. Nxf5 Rxf5 30. Qf2 Qxb3 31. Qh4 h6 32. Qg4 Qf7 33. Kg1 Rf4 34. Qg3
Rf8 35. Qf2 Bd4 0-1

[Event "ECF National club Under 2000"]
[Site "Kingston-upon-Hull, ENG"]
[Date "2023.10.21"]
[Round "2.202"]
[White "Flanagan, Ian"]
[Black "Cooper, John G"]
[Result "0-1"]
[WhiteElo "1624"]
[BlackElo "2170"]
[PlyCount "48"]
[EventDate "2023.10.21"]
[WhiteTeam "East Hull Tigers"]
[BlackTeam "Hull Chess Club 2"]

1. d4 d5 2. c4 e6 3. e3 Nf6 4. a3 Nbd7 5. Nf3 c6 6. c5 Qc7 7. Nc3 e5 8. Qe2 Be7
9. b4 e4 10. Nd2 O-O 11. Bb2 b6 12. Nb3 Ne8 13. h4 f5 14. g3 Nef6 15. Bh3 Ng4
16. O-O-O bxc5 17. dxc5 Nde5 18. Kc2 Nd3 19. Rxd3 exd3+ 20. Kxd3 Ba6+ 21. b5
cxb5 22. Kd2 b4 23. Nxd5 Qd7 24. Qf3 Bc4 0-1

[Event "ECF National club Under 2000"]
[Site "Kingston-upon-Hull, ENG"]
[Date "2023.10.21"]
[Round "2.205"]
[White "Li, Xiaofan (David)"]
[Black "Crook, Phil H"]
[Result "1-0"]
[WhiteElo "1791"]
[BlackElo "1562"]
[PlyCount "93"]
[EventDate "2023.10.21"]
[WhiteTeam "Hull Chess Club 2"]
[BlackTeam "East Hull Tigers"]

1. e4 e5 2. Nf3 Nf6 3. Nxe5 d6 4. Nf3 Nxe4 5. g3 Nc6 6. Bg2 Bg4 7. O-O Be7 8.
Re1 d5 9. d3 Nf6 10. c3 O-O 11. Bg5 h6 12. Bxf6 Bxf6 13. Qa4 Qd7 14. Nbd2 Ne5
15. Qc2 Ng6 16. Nb3 b6 17. d4 Rfe8 18. Qd2 c6 19. Rxe8+ Rxe8 20. Re1 Rxe1+ 21.
Qxe1 Qe7 22. Qd2 Qe6 23. Nc1 Bh3 24. Nd3 Bxg2 25. Kxg2 Qe4 26. Qe3 Qxe3 27.
fxe3 Kf8 28. Nd2 Ke7 29. Nb4 Kd7 30. e4 dxe4 31. Nxe4 Be7 32. Nd3 f6 33. Kf3
Ke6 34. h4 f5 35. Nef2 h5 36. Nh3 Bd6 37. c4 Bc7 38. Ndf4+ Nxf4 39. Nxf4+ Bxf4
40. Kxf4 Kf6 41. d5 cxd5 42. cxd5 g6 43. a4 a6 44. b4 b5 45. a5 Ke7 46. Ke5 Kd7
47. d6 1-0

[Event "ECF National club Under 2000"]
[Site "Kingston-upon-Hull, ENG"]
[Date "2023.10.21"]
[Round "3.11"]
[White "Kendall, Paul SN"]
[Black "Coates, David H"]
[Result "1/2-1/2"]
[WhiteElo "1925"]
[BlackElo "2048"]
[PlyCount "28"]
[EventDate "2023.10.21"]
[WhiteTeam "Beverley Patzers"]
[BlackTeam "Ashfield"]

1. e4 c5 2. Nc3 Nc6 3. f4 e6 4. Nf3 d5 5. Bb5 Nge7 6. exd5 Nxd5 7. Bxc6+ bxc6
8. Ne5 Qc7 9. d3 Bd6 10. Qe2 O-O 11. g3 Ba6 12. O-O Rae8 13. Bd2 Ne7 14. Nc4
Ra8 1/2-1/2

[Event "ECF National club Under 2000"]
[Site "Kingston-upon-Hull, ENG"]
[Date "2023.10.21"]
[Round "3.12"]
[White "Graham, Neil"]
[Black "Turner, Tim M"]
[Result "1/2-1/2"]
[WhiteElo "1809"]
[BlackElo "1913"]
[PlyCount "25"]
[EventDate "2023.10.21"]
[WhiteTeam "Ashfield"]
[BlackTeam "Beverley Patzers"]

1. d4 Nf6 2. f3 d5 3. e4 e6 4. e5 Nfd7 5. f4 c5 6. c3 Nc6 7. Nf3 f6 8. Bd3 c4
9. Bc2 Be7 10. O-O Nf8 11. b3 b5 12. b4 Bd7 13. a4 1/2-1/2

[Event "ECF National club Under 2000"]
[Site "Kingston-upon-Hull, ENG"]
[Date "2023.10.21"]
[Round "3.13"]
[White "Sheppard, Derek A"]
[Black "Taylor, Robert P"]
[Result "1/2-1/2"]
[WhiteElo "1715"]
[BlackElo "1753"]
[PlyCount "55"]
[EventDate "2023.10.21"]
[WhiteTeam "Beverley Patzers"]
[BlackTeam "Ashfield"]

1. d4 d5 2. Nf3 Nf6 3. c4 e6 4. g3 c6 5. Qc2 g6 6. Bg2 Bg7 7. e3 O-O 8. O-O
Nbd7 9. Nbd2 Re8 10. b3 e5 11. dxe5 Nxe5 12. Nxe5 Rxe5 13. Bb2 Re8 14. cxd5
Nxd5 15. Bxg7 Kxg7 16. Rfd1 Nf6 17. Ne4 Qe7 18. Qb2 Be6 19. Rac1 h6 20. Qe5
Rad8 21. Nd6 Rf8 22. Bh3 Rd7 23. Bxe6 fxe6 24. Ne4 Rfd8 25. Rxd7 Rxd7 26. Nc5
Rd6 27. Ne4 Rd5 28. Qxf6+ 1/2-1/2

[Event "ECF National club Under 2000"]
[Site "Kingston-upon-Hull, ENG"]
[Date "2023.10.21"]
[Round "3.14"]
[White "Willoughby, Robert H"]
[Black "Hackett, Michael C"]
[Result "1/2-1/2"]
[WhiteElo "1638"]
[BlackElo "1639"]
[PlyCount "77"]
[EventDate "2023.10.21"]
[WhiteTeam "Ashfield"]
[BlackTeam "Beverley Patzers"]

1. d4 f5 2. e4 Nf6 3. e5 Nd5 4. c4 Nb6 5. Nc3 d6 6. Nf3 g6 7. h4 Bg7 8. Bf4 Nc6
9. exd6 exd6 10. Bg5 Qd7 11. Qe2+ Qe6 12. Qxe6+ Bxe6 13. d5 Bxc3+ 14. bxc3 Nxd5
15. cxd5 Bxd5 16. Be2 h6 17. Bd2 Ne5 18. Nxe5 dxe5 19. O-O O-O-O 20. Rfd1 Bc6
21. a4 f4 22. a5 a6 23. c4 g5 24. Bc3 Rhe8 25. hxg5 hxg5 26. Bg4+ Bd7 27. Bxd7+
Rxd7 28. Rxd7 Kxd7 29. Rd1+ Ke6 30. Rd5 Kf6 31. f3 Re6 32. c5 c6 33. Rd7 Kf5
34. Rxb7 e4 35. fxe4+ Rxe4 36. Rf7+ Kg4 37. Kf2 Rc4 38. Be1 Rxc5 39. Ra7
1/2-1/2

[Event "ECF National club Under 2000"]
[Site "Kingston-upon-Hull, ENG"]
[Date "2023.10.21"]
[Round "3.21"]
[White "Lambourne, Daniel M"]
[Black "Bawden, Phil"]
[Result "1-0"]
[WhiteElo "2067"]
[BlackElo "1785"]
[PlyCount "46"]
[EventDate "2023.10.21"]
[WhiteTeam "Redditch Chess Club"]
[BlackTeam "East Hull Tigers"]

1. c4 d6 2. g3 g6 3. Nc3 Bg7 4. d4 e6 5. Bg2 Ne7 6. e3 Nd7 7. Nge2 a6 8. O-O
Rb8 9. a4 O-O 10. e4 h6 11. Be3 e5 12. Qd2 Kh7 13. f4 f5 14. Rf2 Nf6 15. h3 Nc6
16. Raf1 Qe8 17. exf5 gxf5 18. dxe5 dxe5 19. Nd5 Qf7 20. fxe5 Nxe5 21. Qc2 Nxd5
22. cxd5 Ra8 23. Qd1 Rh8 1-0

[Event "ECF National club Under 2000"]
[Site "Kingston-upon-Hull, ENG"]
[Date "2023.10.21"]
[Round "3.22"]
[White "Flanagan, Ian"]
[Black "Evans, Harry G"]
[Result "0-1"]
[WhiteElo "1624"]
[BlackElo "1947"]
[PlyCount "48"]
[EventDate "2023.10.21"]
[WhiteTeam "East Hull Tigers"]
[BlackTeam "Redditch Chess Club"]

1. e4 c6 2. d4 d5 3. Nc3 dxe4 4. Nxe4 Nf6 5. Nxf6+ gxf6 6. Be3 Na6 7. Bc4 Nc7
8. Qd2 Be6 9. Bxe6 Nxe6 10. O-O-O Qd5 11. a3 Qxg2 12. Ne2 O-O-O 13. Qa5 a6 14.
Nc3 Nc7 15. Rdg1 Qf3 16. Rg3 Qxh1+ 17. Kd2 e5 18. Na4 Na8 19. c4 Qe4 20. Nc3
Qh4 21. Kc2 Rxd4 22. Bxd4 Qxd4 23. Rd3 Qxf2+ 24. Kb3 Qb6+ 0-1

[Event "ECF National club Under 2000"]
[Site "Kingston-upon-Hull, ENG"]
[Date "2023.10.21"]
[Round "3.23"]
[White "Towers, Nigel S"]
[Black "Booth, Andy"]
[Result "1-0"]
[WhiteElo "1807"]
[BlackElo "1629"]
[PlyCount "85"]
[EventDate "2023.10.21"]
[WhiteTeam "Redditch Chess Club"]
[BlackTeam "East Hull Tigers"]

1. e4 c5 2. Nf3 d6 3. Bb5+ Bd7 4. Bxd7+ Qxd7 5. O-O e5 6. c3 Nc6 7. d4 Rd8 8.
d5 Nce7 9. c4 h6 10. Nc3 a6 11. a3 Nf6 12. b4 b6 13. Rb1 Ng6 14. Bd2 Be7 15.
bxc5 bxc5 16. Qb3 O-O 17. Qb7 Qxb7 18. Rxb7 Ra8 19. Rfb1 Bd8 20. Ne1 Ba5 21. f3
Bxc3 22. Bxc3 Nf4 23. Kf2 Rfd8 24. g3 Ng6 25. Ba5 Rd7 26. Rxd7 Nxd7 27. Bc7 Kh7
28. Rb7 Nf6 29. Bxd6 Rd8 30. Bxc5 Nd7 31. Be3 f6 32. c5 Nb8 33. c6 Rc8 34. Ba7
Nxc6 35. dxc6 Rxc6 36. Rb6 Ne7 37. Rxc6 Nxc6 38. Bc5 Na5 39. Nd3 Nb3 40. Ke3
Kg6 41. Bb6 Kf7 42. Nc5 Na5 43. Bxa5 1-0

[Event "ECF National club Under 2000"]
[Site "Kingston-upon-Hull, ENG"]
[Date "2023.10.22"]
[Round "4.11"]
[White "Matthews, Chris J"]
[Black "Coates, David H"]
[Result "0-1"]
[WhiteElo "1795"]
[BlackElo "2048"]
[PlyCount "66"]
[EventDate "2023.10.22"]
[WhiteTeam "East Hull Tigers"]
[BlackTeam "Ashfield"]

1. d4 Nf6 2. Nf3 g6 3. h4 Bg7 4. Bg5 d6 5. c3 Nbd7 6. Nbd2 O-O 7. e4 h6 8. Bxf6
Nxf6 9. Qc2 c6 10. Bc4 Qa5 11. O-O-O b5 12. Bb3 c5 13. h5 c4 14. hxg6 fxg6 15.
Nxc4 bxc4 16. Bxc4+ e6 17. e5 dxe5 18. dxe5 Ng4 19. Qxg6 Nxe5 20. Bxe6+ Bxe6
21. Qxe6+ Nf7 22. Rd7 Rab8 23. Nd4 Qg5+ 24. Qe3 Qxg2 25. Re1 Rb7 26. Rxb7 Qxb7
27. Nf5 Rb8 28. Ne7+ Kh8 29. b3 Qc7 30. Kb2 Ne5 31. Qe2 Qxe7 32. f4 Nd3+ 33.
Kc2 Nxe1+ 0-1

[Event "ECF National club Under 2000"]
[Site "Kingston-upon-Hull, ENG"]
[Date "2023.10.22"]
[Round "4.12"]
[White "Flynn, David"]
[Black "Flanagan, Ian"]
[Result "1-0"]
[WhiteElo "1900"]
[BlackElo "1624"]
[PlyCount "59"]
[EventDate "2023.10.22"]
[WhiteTeam "Ashfield"]
[BlackTeam "East Hull Tigers"]

1. e4 e5 2. Nf3 Nc6 3. d4 exd4 4. Nxd4 Nxd4 5. Qxd4 d6 6. Nc3 Be6 7. Bf4 Ne7 8.
O-O-O Nc6 9. Qe3 Be7 10. Nd5 O-O 11. Nxe7+ Qxe7 12. Kb1 a6 13. h4 b5 14. f3
Rfd8 15. g4 Ne5 16. h5 b4 17. g5 a5 18. g6 h6 19. gxf7+ Qxf7 20. b3 Qf6 21. Bh3
Kf7 22. Rdg1 c5 23. Bxe6+ Qxe6 24. Bxe5 Qxe5 25. Rg6 Rg8 26. Rhg1 Ra7 27. f4
Qe7 28. Qd3 Rd7 29. Qd5+ Kf8 30. Rxh6 1-0

[Event "ECF National club Under 2000"]
[Site "Kingston-upon-Hull, ENG"]
[Date "2023.10.22"]
[Round "4.13"]
[White "Crook, Phil H"]
[Black "Taylor, Robert P"]
[Result "1/2-1/2"]
[WhiteElo "1562"]
[BlackElo "1753"]
[PlyCount "88"]
[EventDate "2023.10.22"]
[WhiteTeam "East Hull Tigers"]
[BlackTeam "Ashfield"]

1. e4 d6 2. Nc3 Nf6 3. Bc4 Nbd7 4. Nf3 h6 5. d4 e5 6. O-O c6 7. dxe5 dxe5 8. h3
Qc7 9. Re1 Be7 10. Be3 Nf8 11. a3 Be6 12. Qe2 Bxc4 13. Qxc4 Ne6 14. Rad1 O-O
15. Rd2 Rad8 16. Red1 Rxd2 17. Rxd2 Rd8 18. Qe2 Nc5 19. Rxd8+ Qxd8 20. Bxc5
Bxc5 21. Nxe5 Qa5 22. Nd3 Bd4 23. Nd1 Nd7 24. c3 Bf6 25. f4 Qb6+ 26. Kf1 Qb3
27. e5 Be7 28. Ne3 Nc5 29. Nxc5 Bxc5 30. Nf5 Qe6 31. Nd4 Qd5 32. e6 fxe6 33.
Qxe6+ Qxe6 34. Nxe6 Be3 35. c4 Bc1 36. b3 Bxa3 37. Ke2 c5 38. Kd3 b6 39. f5 Bb2
40. Ke4 Kf7 41. Nc7 Ke7 42. Nd5+ Kd6 43. g4 Ba1 44. h4 Bf6 1/2-1/2

[Event "ECF National club Under 2000"]
[Site "Kingston-upon-Hull, ENG"]
[Date "2023.10.22"]
[Round "4.14"]
[White "Willoughby, Robert H"]
[Black "Booth, Andy"]
[Result "1-0"]
[WhiteElo "1638"]
[BlackElo "1629"]
[PlyCount "75"]
[EventDate "2023.10.22"]
[WhiteTeam "Ashfield"]
[BlackTeam "East Hull Tigers"]

1. d4 d5 2. c4 e6 3. Nf3 c5 4. e3 Nc6 5. Nc3 Nf6 6. Bd3 Bd6 7. O-O O-O 8. Re1
Re8 9. dxc5 Bxc5 10. e4 d4 11. Ne2 e5 12. a3 a5 13. Ng3 Bg4 14. h3 Bxf3 15.
Qxf3 h6 16. Nf5 Ne7 17. Nxh6+ Kf8 18. Bg5 Ng6 19. Ng4 Be7 20. Nh2 Nh7 21. Bd2
Bg5 22. Rad1 Bxd2 23. Rxd2 Nf4 24. Bf1 Re6 25. g3 Ng6 26. Qb3 Rb6 27. Qc2 Rf6
28. Ng4 Rc6 29. Qa4 Nf6 30. Nh2 Rac8 31. b4 axb4 32. axb4 Ra8 33. Qb3 Rca6 34.
c5 Ra3 35. Qc4 Nd7 36. Rd3 Ne7 37. Rf3 R3a4 38. Qxf7# 1-0